The problems of jurisprudence / (Record no. 586594)

000 -LEADER
fixed length control field 00581pam a2200181 a 4500
020 ## - INTERNATIONAL STANDARD BOOK NUMBER
International Standard Book Number 067470875X (alk. paper)
082 00 - DEWEY DECIMAL CLASSIFICATION NUMBER
Classification number 340
100 1# - MAIN ENTRY--PERSONAL NAME
Personal name Posner, Richard A.
245 14 - TITLE STATEMENT
Title The problems of jurisprudence /
Statement of responsibility, etc. Richard A. Posner.
260 ## - PUBLICATION, DISTRIBUTION, ETC.
Place of publication, distribution, etc. Cambridge, Mass. :
Name of publisher, distributor, etc. Harvard University Press,
Date of publication, distribution, etc. 1990.
300 ## - PHYSICAL DESCRIPTION
Extent xiv, 485 p. ;
Dimensions 25 cm.
504 ## - BIBLIOGRAPHY, ETC. NOTE
Bibliography, etc. note Includes bibliographical references and index.
650 #0 - SUBJECT ADDED ENTRY--TOPICAL TERM
Topical term or geographic name entry element Jurisprudence.
942 ## - ADDED ENTRY ELEMENTS (KOHA)
Source of classification or shelving scheme
Koha item type Book
650 #0 - SUBJECT ADDED ENTRY--TOPICAL TERM
-- 35222
Holdings
Withdrawn status Lost status Source of classification or shelving scheme Damaged status Not for loan Permanent Location Current Location Date acquired Total Renewals Full call number Barcode Date last seen Price effective from Koha item type
          NUST Law School (NLS) NUST Law School (NLS) 10/27/2021 1 340 POS CL-643 05/22/2022 10/27/2021 Book
© 2023 Central Library, National University of Sciences and Technology. All Rights Reserved.